| 000 -LEADER |
| fixed length control field |
00488nam a22001817a 4500 |
| 008 - FIXED-LENGTH DATA ELEMENTS--GENERAL INFORMATION |
| fixed length control field |
151120b xxu||||| |||| 00| 0 eng d |
| 020 ## - INTERNATIONAL STANDARD BOOK NUMBER |
| International Standard Book Number |
9780495560654 |
| 020 ## - INTERNATIONAL STANDARD BOOK NUMBER |
| International Standard Book Number |
0495560650 |
| 041 0# - LANGUAGE CODE |
| Language code of text/sound track or separate title |
eng |
| 080 ## - UNIVERSAL DECIMAL CLASSIFICATION NUMBER |
| Universal Decimal Classification number |
514.11 |
| 100 1# - Rafti |
| Rafti |
Stewart, James, |
| 245 10 - TITLE STATEMENT |
| Title |
Calculus : |
| Statement of responsibility, etc |
James Stewart. |
| 250 ## - |
| -- |
4th ed. |
| 260 ## - |
| -- |
Belmont, CA : |
| -- |
Cengage learning; |
| -- |
2010. |
| 300 ## - |
| -- |
xxi, 1185, 130 f. : |
| -- |
me il.; |
| -- |
26 cm. + |
| 650 #0 - |
| -- |
Kalkulus |
| 942 ## - ADDED ENTRY ELEMENTS (KOHA) |
| Source of classification or shelving scheme |
|
| Item type |
Books |